[Event "EU Small Countries ol 8th"]
[Site "St Helier"]
[Date "2023.11.01"]
[Round "5.1"]
[White "Carpenter, Paul A"]
[Black "De la Riva Aguado, Oscar"]
[Result "0-1"]
[WhiteElo "1922"]
[BlackElo "2437"]
[PlyCount "82"]
[EventDate "2023.10.29"]
[EventType "team-tourn"]
[EventRounds "9"]
[EventCountry "GCI"]
[SourceTitle "Mega2024 Update 01"]
[Source "Chessbase"]
[SourceDate "2023.11.12"]
[SourceVersion "1"]
[SourceVersionDate "2023.11.12"]
[SourceQuality "1"]
[WhiteTeam "Jersey"]
[BlackTeam "Andorra"]
[WhiteTeamCountry "GCI"]
[BlackTeamCountry "AND"]

1. b3 e5 2. Bb2 Nc6 3. g3 d5 4. e3 h5 5. h3 h4 6. g4 f5 7. gxf5 Bxf5 8. Nf3 e4 9. Nd4 Nxd4 10. Bxd4 Nf6 11. Bb2 Qd7 12. Nc3 0-0-0 13. Nb5 a6 14. Nd4 Bg6 15. c4 c5 16. Nc2 dxc4 17. Bxc4 Bf5 18. Be2 Kb8 19. Bf1 Bd6 20. Na3 Nd5 21. Nc4 Bc7 22. a3 Rhe8 23. Bc3 b5 24. Nb2 Qe6 25. Qc2 Nf4 26. 0-0-0 Nxh3 27. Bxh3 Bxh3 28. Bxg7 Bg4 29. Rxh4 Bxd1 30. Nxd1 Qe7 31. Rg4 Rg8 32. Qb2 Qe6 33. Rg5 Rd7 34. Bf6 Rxg5 35. Bxg5 Rd3 36. Kc2 Qd5 37. Nc3 Qxg5 38. Nxe4 Qd5 39. f3 c4 40. bxc4 Qxc4+ 41. Kd1 Rd8 0-1

[Event "EU Small Countries ol 8th"]
[Site "St Helier"]
[Date "2023.10.31"]
[Round "4.1"]
[White "Ferster, Fabian"]
[Black "Carpenter, Paul A"]
[Result "1-0"]
[WhiteElo "2162"]
[BlackElo "1922"]
[PlyCount "77"]
[EventDate "2023.10.29"]
[EventType "team-tourn"]
[EventRounds "9"]
[EventCountry "GCI"]
[SourceTitle "Mega2024 Update 01"]
[Source "Chessbase"]
[SourceDate "2023.11.12"]
[SourceVersion "1"]
[SourceVersionDate "2023.11.12"]
[SourceQuality "1"]
[WhiteTeam "Liechtenstein"]
[BlackTeam "Jersey"]
[WhiteTeamCountry "LIE"]
[BlackTeamCountry "GCI"]

1. c4 b6 2. Nc3 Bb7 3. e4 e6 4. Nf3 g6 5. d4 h6 6. Be2 Bg7 7. Be3 d6 8. 0-0 Ne7 9. Qc1 Nd7 10. Rd1 f5 11. e5 a6 12. d5 Nxe5 13. Nd4 Bc8 14. Nxe6 Bxe6 15. dxe6 Qc8 16. Nd5 Rb8 17. Bd4 N7c6 18. Bc3 0-0 19. f4 Qxe6 20. fxe5 dxe5 21. Nxc7 Qc8 22. Nd5 f4 23. Qc2 Qe6 24. Qe4 Qf5 25. Bf3 Kh7 26. Nc7 Nd8 27. Qxf5 gxf5 28. Rd7 Rf7 29. Rad1 Rxd7 30. Rxd7 Kg6 31. Bd5 Bf6 32. Nxa6 Rc8 33. Rc7 Rxc7 34. Nxc7 e4 35. Bxf6 Kxf6 36. Kf2 Ke5 37. Ke2 h5 38. b4 h4 39. h3 1-0

[Event "Vaduz ESNA 4th"]
[Site "Vaduz"]
[Date "2022.09.30"]
[Round "8"]
[White "Carpenter, Paul A"]
[Black "Michaelides, Konstantinos"]
[Result "0-1"]
[WhiteElo "1986"]
[BlackElo "2304"]
[PlyCount "92"]
[EventDate "2022.09.25"]
[EventType "tourn"]
[EventRounds "9"]
[EventCountry "LIE"]
[SourceTitle "CBM 210 Extra"]
[Source "ChessBase"]
[SourceDate "2022.11.30"]
[SourceVersion "1"]
[SourceVersionDate "2022.11.30"]
[SourceQuality "1"]

1. e4 e6 2. Nf3 d5 3. Nc3 Nf6 4. e5 Ne4 5. Ne2 b6 6. d3 Nc5 7. g3 Be7 8. Bg2 Bb7 9. 0-0 Ncd7 10. Re1 c5 11. c3 Nc6 12. d4 0-0 13. Nf4 Ba6 14. h4 Re8 15. Ng5 Nf8 16. Nh5 f6 17. exf6 Bxf6 18. Qg4 Bc8 19. dxc5 bxc5 20. Qa4 Bd7 21. Qc2 h6 22. Nh3 Ne5 23. N3f4 Bc6 24. Be3 Nfd7 25. Ng6 Nc4 26. Bc1 e5 27. b3 Nd6 28. Be3 Rc8 29. Rad1 e4 30. Bh3 d4 31. Bf4 d3 32. Qd2 Nf7 33. Bf5 Ra8 34. f3 Nde5 35. Nxe5 Nxe5 36. Bxe5 Rxe5 37. Nxf6+ Qxf6 38. Bxe4 Bxe4 39. Rxe4 Rxe4 40. fxe4 Rd8 41. Re1 Qf3 42. Re3 Qxe3+ 43. Qxe3 d2 44. Qxc5 d1Q+ 45. Kf2 Rf8+ 46. Kg2 Qf1+ 0-1

[Event "Vaduz ESNA 4th"]
[Site "Vaduz"]
[Date "2022.09.28"]
[Round "5"]
[White "Carpenter, Paul A"]
[Black "Mizzi, Jack"]
[Result "0-1"]
[WhiteElo "1986"]
[BlackElo "1863"]
[PlyCount "58"]
[EventDate "2022.09.25"]
[EventType "tourn"]
[EventRounds "9"]
[EventCountry "LIE"]
[SourceTitle "CBM 210 Extra"]
[Source "ChessBase"]
[SourceDate "2022.11.30"]
[SourceVersion "1"]
[SourceVersionDate "2022.11.30"]
[SourceQuality "1"]

1. e4 c6 2. Nf3 d5 3. Nc3 dxe4 4. Nxe4 Nf6 5. Qe2 Bf5 6. Nxf6+ gxf6 7. d3 Na6 8. Bd2 Qb6 9. Bc3 0-0-0 10. g3 e5 11. Nh4 Be6 12. Bg2 Bb4 13. 0-0 Bxc3 14. bxc3 Qc5 15. Qe3 Qxc3 16. Qxa7 Qc5 17. Qxc5 Nxc5 18. a4 Kc7 19. f4 Ra8 20. Rae1 Nd7 21. c4 Nc5 22. Re3 Rxa4 23. fxe5 fxe5 24. Nf3 Nxd3 25. Ng5 Bxc4 26. Nxf7 Rf8 27. Nxe5 Rxf1+ 28. Bxf1 Nxe5 29. Rxe5 Ra1 0-1

[Event "Olympiad-44"]
[Site "Chennai"]
[Date "2022.08.01"]
[Round "4.1"]
[White "Carpenter, Paul A"]
[Black "Makoto, Rodwell"]
[Result "1/2-1/2"]
[WhiteElo "1938"]
[BlackElo "2346"]
[PlyCount "87"]
[EventDate "2022.07.29"]
[EventType "team-swiss"]
[EventRounds "11"]
[EventCountry "IND"]
[SourceTitle "CBM 210"]
[Source "ChessBase"]
[SourceDate "2022.10.31"]
[SourceVersion "1"]
[SourceVersionDate "2022.10.31"]
[SourceQuality "1"]
[WhiteTeam "Jersey"]
[BlackTeam "Zimbabwe"]
[WhiteTeamCountry "GCI"]
[BlackTeamCountry "ZIM"]

1. e4 e5 2. Nf3 Nc6 3. d3 d5 4. h3 f5 5. exd5 Qxd5 6. Nc3 Qd6 7. Bd2 a6 8. g3 Bd7 9. Bg2 0-0-0 10. 0-0 h6 11. a3 g5 12. b4 Nce7 13. a4 Bg7 14. b5 a5 15. b6 cxb6 16. Rb1 Nf6 17. Nb5 Bxb5 18. Rxb5 Nd7 19. Qb1 Nc6 20. Be3 Nb4 21. Nd2 e4 22. Nc4 Qc6 23. Nxb6+ Nxb6 24. Rc5 Nxa4 25. Rxc6+ bxc6 26. dxe4 f4 27. gxf4 gxf4 28. Bxf4 Nc3 29. Qb3 Ne2+ 30. Kh1 Nxf4 31. Qf7 Nxg2 32. Qxg7 Rhg8 33. Qf6 Rdf8 34. Qe6+ Kc7 35. Qe5+ Kb6 36. Qd4+ Kb5 37. c3 Rf3 38. Qe5+ Ka6 39. Qe6 Rg5 40. cxb4 Nf4 41. Qxc6+ Ka7 42. Qc7+ Ka8 43. Qc8+ Ka7 44. Qc7+ 1/2-1/2

[Event "EU Small Nations Hybrid"]
[Site "Tornelo INT"]
[Date "2021.04.18"]
[Round "2.4"]
[White "Darmanin, Jake"]
[Black "Carpenter, Paul A"]
[Result "1-0"]
[WhiteElo "2106"]
[BlackElo "1982"]
[PlyCount "61"]
[EventDate "2021.04.17"]
[EventType "tourn"]
[EventRounds "9"]
[EventCountry "NET"]
[SourceTitle "CBM 202 Extra"]
[Source "ChessBase"]
[SourceDate "2021.07.31"]
[SourceVersion "1"]
[SourceVersionDate "2021.07.31"]
[SourceQuality "1"]

1. e4 e5 2. Nf3 Nf6 3. Nxe5 Nc6 4. Nxc6 dxc6 5. d3 Bc5 6. Be2 h5 7. c3 Ng4 8. d4 Bb6 9. h3 Nxf2 10. Kxf2 Qh4+ 11. g3 Qxe4 12. Bd3 Qd5 13. Qf3 Qd6 14. Bf4 Qe7 15. Nd2 Be6 16. Bc4 0-0-0 17. a4 a5 18. Bxe6+ fxe6 19. Kg2 c5 20. Nc4 g5 21. Nxb6+ cxb6 22. Be5 Rdf8 23. Qe4 Rhg8 24. Rhf1 g4 25. Rxf8+ Qxf8 26. Bf4 gxh3+ 27. Kxh3 Qf5+ 28. Qxf5 exf5 29. dxc5 bxc5 30. Re1 Rg4 31. Re5 1-0

[Event "EU Small Nations Hybrid"]
[Site "Tornelo INT"]
[Date "2021.04.17"]
[Round "1.3"]
[White "Carpenter, Paul A"]
[Black "Luke Brezmes, Cristofer"]
[Result "0-1"]
[WhiteElo "1982"]
[BlackElo "2043"]
[PlyCount "38"]
[EventDate "2021.04.17"]
[EventType "tourn"]
[EventRounds "9"]
[EventCountry "NET"]
[SourceTitle "CBM 202 Extra"]
[Source "ChessBase"]
[SourceDate "2021.07.31"]
[SourceVersion "1"]
[SourceVersionDate "2021.07.31"]
[SourceQuality "1"]

1. e4 e5 2. f4 exf4 3. Nf3 Nf6 4. e5 Nh5 5. Bc4 d5 6. exd6 Bxd6 7. 0-0 0-0 8. d4 Nc6 9. Nc3 Bg4 10. Ne2 Kh8 11. Bd2 Qf6 12. c3 Rae8 13. Qc1 g5 14. h3 Bxh3 15. gxh3 Qf5 16. Kh2 Na5 17. Ne5 Nxc4 18. Bxf4 gxf4 19. Nxf4 Nxe5 0-1

[Event "BCF-chT3 1011 (4NCL)"]
[Site "England"]
[Date "2011.02.19"]
[Round "5.43"]
[White "Carpenter, Paul A"]
[Black "Armour, Philip"]
[Result "1-0"]
[WhiteElo "1866"]
[BlackElo "1826"]
[PlyCount "49"]
[EventDate "2010.11.06"]
[EventType "team-swiss"]
[EventRounds "9"]
[EventCountry "ENG"]
[SourceTitle "EXT 2012"]
[Source "ChessBase"]
[SourceDate "2011.11.24"]
[SourceVersion "1"]
[SourceVersionDate "2011.11.24"]
[SourceQuality "1"]
[WhiteTeam "Channel Isolani"]
[BlackTeam "Guildford A&DC IV"]
[WhiteTeamCountry "ENG"]
[BlackTeamCountry "ENG"]

1. d4 d6 2. e3 g6 3. f4 Bg7 4. Nf3 Nh6 5. c3 Nd7 6. e4 c5 7. Qb3 Nb6 8. dxc5 dxc5 9. Be3 Qc7 10. h3 Bd7 11. Bb5 a6 12. Bxd7+ Nxd7 13. Nbd2 e6 14. 0-0-0 Ke7 15. g4 Rhd8 16. g5 Ng8 17. f5 gxf5 18. exf5 exf5 19. Nh4 Kf8 20. Rhf1 Ne7 21. Nxf5 Nxf5 22. Rxf5 Ne5 23. Rdf1 Qe7 24. Bxc5 Qxc5 25. Rxf7+ 1-0

[Event "BCF-chT3 0910 (4NCL)"]
[Site "England"]
[Date "2009.10.25"]
[Round "2.5"]
[White "Bogoda, Nathasha"]
[Black "Carpenter, Paul A"]
[Result "0-1"]
[WhiteElo "1658"]
[BlackElo "1826"]
[PlyCount "68"]
[EventDate "2009.10.24"]
[EventType "team-tourn"]
[EventRounds "11"]
[EventCountry "ENG"]
[SourceTitle "EXT 2011"]
[Source "ChessBase"]
[SourceDate "2010.11.26"]
[SourceVersion "1"]
[SourceVersionDate "2010.11.26"]
[SourceQuality "1"]
[WhiteTeam "Southern Counties Stars"]
[BlackTeam "Guernsey Mates"]
[WhiteTeamCountry "ENG"]
[BlackTeamCountry "ENG"]

1. d4 d5 2. c4 e6 3. Nc3 Nf6 4. Nf3 c6 5. e3 Nbd7 6. Be2 Bd6 7. Qc2 0-0 8. 0-0 b6 9. Re1 Bb4 10. Bd2 Bxc3 11. Bxc3 Ne4 12. b3 Nxc3 13. Qxc3 Bb7 14. Rac1 Rc8 15. Qb2 Qe7 16. Bd3 f5 17. Qb1 g6 18. b4 Kg7 19. c5 g5 20. h3 Kh8 21. Qc2 h5 22. Qe2 g4 23. hxg4 hxg4 24. Nh2 Qh4 25. Nf1 Kg7 26. Ng3 Rh8 27. Qd1 Qh2+ 28. Kf1 Nf6 29. Ne2 Qh1+ 30. Ng1 Rh2 31. Ke2 Qxg2 32. Rf1 Ne4 33. Bxe4 fxe4 34. Qa4 Rf8 0-1

[Event "BCF-chT3 0910 (4NCL)"]
[Site "England"]
[Date "2009.10.24"]
[Round "1.3"]
[White "Carpenter, Paul A"]
[Black "Waterfield, John"]
[Result "0-1"]
[WhiteElo "1826"]
[BlackElo "1988"]
[PlyCount "66"]
[EventDate "2009.10.24"]
[EventType "team-tourn"]
[EventRounds "11"]
[EventCountry "ENG"]
[SourceTitle "EXT 2011"]
[Source "ChessBase"]
[SourceDate "2010.11.26"]
[SourceVersion "1"]
[SourceVersionDate "2010.11.26"]
[SourceQuality "1"]
[WhiteTeam "Guernsey Mates"]
[BlackTeam "Gloucestershire. Gambits"]
[WhiteTeamCountry "ENG"]
[BlackTeamCountry "ENG"]

1. d4 Nf6 2. e3 g6 3. Bd3 Bg7 4. f4 d6 5. Nf3 0-0 6. 0-0 Nbd7 7. f5 e6 8. fxe6 fxe6 9. c3 Qe7 10. e4 c6 11. Bg5 h6 12. Bd2 e5 13. dxe5 Nxe5 14. Nxe5 Qxe5 15. Bf4 Qc5+ 16. Kh1 Ng4 17. Qd2 g5 18. Bg3 Be6 19. h3 Rxf1+ 20. Bxf1 Rf8 21. Bd3 Be5 22. hxg4 Bxg3 23. Na3 Rf2 24. Qe1 Rxg2 25. Kxg2 Bxe1 26. Rxe1 b5 27. Nc2 Bxg4 28. Ne3 Be6 29. a3 Qe5 30. Rh1 Qf4 31. Re1 g4 32. Bb1 Qf3+ 33. Kg1 g3 0-1

[Event "West of England op"]
[Site "Exmouth"]
[Date "2003.04.20"]
[Round "6.6"]
[White "Carpenter, Paul A"]
[Black "Bareham, David C"]
[Result "1/2-1/2"]
[WhiteElo "1880"]
[BlackElo "1920"]
[PlyCount "73"]
[EventDate "2003.04.18"]
[EventType "swiss"]
[EventRounds "7"]
[EventCountry "ENG"]
[SourceTitle "EXT 2005"]
[Source "ChessBase"]
[SourceDate "2004.11.15"]
[SourceVersion "1"]
[SourceVersionDate "2004.11.15"]
[SourceQuality "1"]

1. d4 Nf6 2. e3 g6 3. Bd3 Bg7 4. f4 d6 5. Nf3 0-0 6. 0-0 Nbd7 7. f5 e5 8. fxe6 fxe6 9. c3 Qe7 10. e4 e5 11. Bg5 h6 12. Bh4 Qe8 13. Nbd2 g5 14. Bf2 Ng4 15. h3 Nxf2 16. Rxf2 Qh5 17. Be2 Qg6 18. Qb3+ Kh8 19. Raf1 exd4 20. Nxd4 Rxf2 21. Rxf2 Ne5 22. Nf5 Bf6 23. Nf1 b6 24. N1g3 Bd8 25. Bh5 Qe6 26. Qxe6 Bxe6 27. Nd4 Bg8 28. b3 Be7 29. Ngf5 Bf8 30. Nb5 Nd3 31. Rd2 Nf4 32. Bf3 a6 33. Nxc7 Rc8 34. Nxa6 Rxc3 35. Nxd6 Nxh3+ 36. Kh2 Nf4 37. Nf5 1/2-1/2